Statistics for 100 Most Common English Words

Click here to take the quiz!

General Stats

  • This quiz has been taken 491 times
  • The average score is 62 of 98

Answer Stats

HintAnswer% Correct
a
98%
i
96%
the
95%
he
93%
we
90%
you
89%
be
88%
on
87%
no
86%
to
86%
she
85%
do
84%
her
84%
it
84%
it
84%
go
83%
and
82%
in
82%
me
81%
they
81%
can
78%
not
77%
see
77%
that
77%
that
77%
when
77%
so
76%
of
75%
them
74%
will
74%
there
73%
there
73%
what
73%
your
73%
for
71%
his
71%
as
70%
as
70%
this
70%
all
69%
him
69%
my
69%
one
69%
who
69%
how
68%
then
68%
two
68%
have
66%
at
64%
by
64%
could
63%
our
61%
would
61%
but
60%
day
60%
up
60%
are
59%
if
59%
from
58%
get
58%
man
57%
say
57%
some
57%
than
57%
or
55%
with
55%
out
54%
time
54%
give
53%
now
51%
take
51%
because
50%
more
50%
make
49%
come
48%
know
47%
its
46%
want
46%
look
44%
think
43%
year
43%
into
42%
these
42%
well
42%
just
40%
about
39%
new
39%
which
39%
first
37%
here
37%
also
36%
people
36%
use
35%
way
35%
many
32%
thing
31%
other
26%
find
23%

Score Distribution

Percentile by Number Answered

Percent of People with Each Score

Your Score History

You have not taken this quiz